Southville International School and Colleges
Your cart is empty.
  • Cart
  • Lists
    Public lists Eva Luna New books Lux_list list_1
    Your lists Log in to create your own lists
  • Log in to your account
  • Your cookies
  • Search history
Southville International School and Colleges
  • Advanced search
  • Recent comments
  • Most popular
  • Libraries

Log in to your account

Log in with GOOGLE


If you do not have an external account, but do have a local account, you can still log in:

  1. Home
  2. MARC view: Wanted : a hot water bottle /
Normal view MARC view ISBD view

Wanted : a hot water bottle / (Record no. 111937)

[ view plain ]
MARC details
000 -LEADER
fixed length control field 00501nam a2200193 a 4500
001 - CONTROL NUMBER
control field 0046
005 - DATE AND TIME OF LATEST TRANSACTION
control field 20140414131925.0
008 - FIXED-LENGTH DATA ELEMENTS--GENERAL INFORMATION
fixed length control field 040202s19uu xx 00 eng d
020 ## - INTERNATIONAL STANDARD BOOK NUMBER
International Standard Book Number 1-85830-495-4
050 ## - LIBRARY OF CONGRESS CALL NUMBER
Classification number ER
Item number W11 1999
100 ## - MAIN ENTRY--PERSONAL NAME
Personal name Blyton, Enid
245 ## - TITLE STATEMENT
Title Wanted : a hot water bottle /
Statement of responsibility, etc Enid Blyton.
260 ## - PUBLICATION, DISTRIBUTION, ETC. (IMPRINT)
Name of publisher, distributor, etc Grandreams,
Date of publication, distribution, etc 1999.
Place of publication, distribution, etc [s.l.] :
300 ## - PHYSICAL DESCRIPTION
Extent 1 v. p. : ill. ; cm.
440 ## - SERIES STATEMENT/ADDED ENTRY--TITLE
Title Enid Blyton
650 ## - SUBJECT ADDED ENTRY--TOPICAL TERM
Topical term or geographic name as entry element Warm
General subdivision Fiction.
650 ## - SUBJECT ADDED ENTRY--TOPICAL TERM
Topical term or geographic name as entry element Children stories.
Holdings
Withdrawn status Lost status Damaged status Use restrictions Home library Current library Shelving location Date acquired Source of acquisition Total Checkouts Full call number Barcode Date last seen Price effective from Koha item type
        Munich Library Munich Library Easy Reading Section 02/02/2004     ER W11 1999 M2904 04/14/2014 04/14/2014 Books

Wanted : a hot water bottle /

APA

Blyton E., . (1999). Wanted : a hot water bottle. [s.l.]: Grandreams.

Chicago

Blyton Enid, . 1999. Wanted : a hot water bottle. [s.l.]: Grandreams.

Harvard

Blyton E., . (1999). Wanted : a hot water bottle. [s.l.]: Grandreams.

MLA

Blyton Enid, . Wanted : a hot water bottle. [s.l.]: Grandreams. 1999.

  • Place hold
  • Print
  • Cite
  • Add to your cart (remove)
  • Save record
    BIBTEX Dublin Core MARCXML MARC (non-Unicode/MARC-8) MARC (Unicode/UTF-8) MARC (Unicode/UTF-8, Standard) MODS (XML) RIS
  • More searches
    Search for this title in:
    Other Libraries (WorldCat) Other Databases (Google Scholar) Online Stores (Bookfinder.com) Open Library (openlibrary.org)

Exporting to Dublin Core...

SOUTHVILLE LIBRARY

Southville International School and Colleges Library

1281 Tropical Ave. Cor. Luxembourg St., BF Homes International, Las Pinas City

Tel. No. 8256374 / 252358 Loc. 117/146

Powered by Koha